000 00328nam a22001217a 4500
020 _a9780857079794
040 _cNUST
082 _a813-CH
_bRUS
100 _aRussell, Rachel Renee
_981942
245 _aPop Star Dork Diaries Tales From A Not So Fabulous Life
260 _aUSA:
_bSimon And Schuster,
_c2011.
942 _2ddc
_cBK
999 _c586399
_d586399